विज्ञान के बढ़ते कदम / (Record no. 67905)

MARC details
000 -LEADER
fixed length control field 00849 aa a2200229 4500
005 - DATE AND TIME OF LATEST TRANSACTION
control field 20120614114156.0
010 ## - LCCN (DPL NO)
LC control number
020 ## - INTERNATIONAL STANDARD BOOK NUMBER
Terms of availability 150.00
International Standard Book Number 8189347853
035 ## - SYSTEM CONTROL NUMBER
System control number B-184371
037 ## - SOURCE OF ACQUISITION
Source of stock number/acquisition pub
082 ## - DEWEY DECIMAL CLASSIFICATION NUMBER
Classification number 608
100 ## - MAIN ENTRY--PERSONAL NAME
Personal name पाण्डेय, पृथ्वीनाथ
245 ## - TITLE STATEMENT
Title विज्ञान के बढ़ते कदम /
Statement of responsibility, etc पृथ्वीनाथ पाण्डेय
246 ## - VARYING FORM OF TITLE
Title proper/short title
Remainder of title
260 ## - PUBLICATION, DISTRIBUTION, ETC. (IMPRINT)
Place of publication, distribution, etc भोपाल
Name of publisher, distributor, etc सोनम प्रकाशन
Date of publication, distribution, etc 2005
270 ## - ADDRESS
Address
City
Postal code
300 ## - PHYSICAL DESCRIPTION
Extent 122पृ
Dimensions 22 सेमी (सजिल्द)
Other physical details
490 ## - SERIES STATEMENT
Series statement
-- 49047
700 ## - ADDED ENTRY--PERSONAL NAME
Personal name
9 (RLIN) 49038
942 ## - ADDED ENTRY ELEMENTS (KOHA)
Institution code [OBSOLETE] dpl
Item type Hindi Books
Call number prefix
Source of classification or shelving scheme Dewey Decimal Classification
Classification part 608
Call number suffix पाण्डेय
Holdings
Withdrawn status Lost status Not for loan Collection code Home library Current library Date acquired Cost, normal purchase price Full call number Barcode Cost, replacement price Koha item type Source of acquisition
      Non-fiction Sarojini Nagar Sarojini Nagar 14/06/2012 150.00 608 पाण्डेय B-184371 150.00 Hindi Books  
      Non-fiction Shahdara Branch Shahdara Branch 10/12/2018 150.00 608 पाण्डेय B-184373 150.00 Hindi Books BPPD/PUB

© Delhi Public Library
Hit Counter
free hit counter